| LEADER |
01310nam0a2200253 450 |
| 001 |
16864303 |
| 010 |
|
|
|a 978-2-87764-712-0
|b vol. 2
|
| 100 |
|
|
|a 20250116d1998 u u0frey01 ba
|
| 101 |
0 |
|
|a fre
|
| 102 |
|
|
|a FR
|
| 200 |
0 |
|
|a Trolls de Troy
|e Le scalp du vénérable
|f scénario : Arleston
|g dessins : Mourier - couleurs : Guth
|
| 207 |
|
1 |
|a
|
| 210 |
|
|
|a Toulon
|c Soleil
|d 1998
|
| 215 |
|
|
|a 1 vol. (48 p.)
|c tout ill. en coul., couv. ill. en coul.
|d 33 cm
|
| 225 |
1 |
|
|a Trolls de Troyes
|v 2
|
| 330 |
|
|
|a Vous connaissez déjà Hébus, le célèbre troll de la série Lanfeust de troy... Vous allez faire la connaissance de son grand-père, le troll Tedréam, dont les aventures se déroulent plusieurs générations avant celles de Lanfeust. Accompagné d'une jolie et jeune humaine sauvageonne élevée par les trolls. TetrÉam va défendre les siens contre les humains, qui tentent, grâce à leurs pouvoirs magiques, d'exterminer les trolls.
|
| 461 |
|
0 |
|t Trolls de Troy
|v 2
|
| 608 |
|
|
|a Bandes dessinées
|
| 700 |
|
0 |
|a Arleston
|b Christophe
|f 1963-....
|4 70
|
| 701 |
|
0 |
|a Mourier
|b Jean-Louis
|f 1962-....
|4 70
|
| 702 |
|
0 |
|a Guth
|b Claude
|f 1962-....
|4 410
|
| 900 |
|
|
|a Bande dessinée (adultes)
|
| 901 |
|
|
|a Adultes
|
| 995 |
|
|
|a Médiathèque
|c Médiathèque
|f 089020871
|h 089020871
|k BDA ARL
|o p
|q a
|r az
|e Médiathèque
|